Fast Typing: Soccer Players - Statistics

General Stats
  • This quiz has been taken 253 times
  • The average score is 7 of 10
Answer Stats
Hint Answer % Correct
hakimi hakimi
76%
pele pele
76%
ramos ramos
75%
ronaldo ronaldo
75%
messi messi
74%
de gea de gea
72%
maradona maradona
72%
ronaldinho ronaldinho
72%
van dijk van dijk
71%
kimpembe kimpembe
69%
spinazzola spinnazzola
69%
mbappe mbappe
67%
rabiot rabiot
65%
salah salah
64%
neymar jr neymar jr
63%
No matching quizzes found
Score Distribution
Percent of People with Each Score
Percentile by Number Answered
Your Score History
You have not taken this quiz